000 00211nam a2200097Ia 4500
008 190216s9999||||xx |||||||||||||| ||und||
100 _aChellappan Nair N P
245 0 _aKunhitheyi
260 _bNull
942 _cBK
999 _c23700
_d23700